LEADER 01468nam 2200397 450 001 000006519 005 20050718115200.0 010 $a0-12-449940-6 100 $a20001213d1974----km-y0itay0103----ba 101 0 $aeng 102 $aUS 200 1 $aToxic constituents of animal foodstuffs$fedited by Irvin E. Liener 210 $aNew York and London$cAcademic Press$d1974 215 $aX, 222 p.$cill.$d24 cm. 225 1 $aFood science and technology$ea series of monographs$fEditorial board: G. F. Stewart ... [et al.] 606 $aChimica bromatologica 606 $aPiante alimentari$xTossicità 606 $aProdotti agricoli$xAnalisi chimica 606 $aAnimali$xAlimentazione$xTossicologia 676 $a615.954$v(20. ed.)$9Farmacologia e terapeutica. Veleni alimentari 702 1$aLiener,$bIrvin E. 801 0$aIT$bUniversità della Basilicata - B.I.A.$gRICA$2unimarc 912 $a000006519 996 $aToxic constituents of animal foodstuffs$975672 997 $aUNIBAS BAS $aMONAGR BAS $aMONOGR BAS $aAGRARIA CAT $aMEDURI$b01$c20001213$lBAS01$h0934 CAT $c20050601$lBAS01$h1753 CAT $abatch$b01$c20050718$lBAS01$h1049 CAT $c20050718$lBAS01$h1108 CAT $c20050718$lBAS01$h1138 CAT $c20050718$lBAS01$h1152 FMT Z30 -1$lBAS01$LBAS01$mBOOK$1BASA2$APolo Tecnico-Scientifico$2DID$BDidattica$3PTS.s3.p14.10$622850$5A22850$820001213$f04$FPrestabile Didattica LEADER 02208nam0 22004933i 450 001 RAV0681581 005 20251003044329.0 010 $a8815077103 020 $aIT$b2001-9975 100 $a20000726d2000 ||||0itac50 ba 101 | $aita 102 $ait 181 1$6z01$ai $bxxxe 182 1$6z01$an 183 1$6z01$anc$2RDAcarrier 200 1 $aˆLa ‰riforma mancata$etradizione e innovazione nella Costituzione italiana$fEnzo Cheli 210 $aBologna$cIl mulino$d[2000] 215 $a136 p.$d21 cm. 225 | $aContemporanea$v116 410 0$1001CFI0006117$12001 $aContemporanea$v116 606 $aItalia$xOrdinamento istituzionale$xRiforma$2FIR$3CFIC004398$9I 606 $aItalia$xCostituzioni politiche$x1948$xRiforma$2FIR$3CFIC004399$9I 676 $a320.945$9SITUAZIONI E CONDIZIONI POLITICHE. Italia$v12 676 $a342.03$9$v21 676 $a342.45$9Diritto costituzionale e diritto amministrativo. Italia$v14 676 $a342.4502$9STRUMENTI FONDAMENTALI DELLO STATO. ITALIA$v20 676 $a342.4503$9STRUMENTI FONDAMENTALI DELLO STATO. REVISIONE ED EMENDAMENTO. Italia$v20 676 $a342.4503$9STRUMENTI FONDAMENTALI DELLO STATO. REVISIONE ED EMENDAMENTO. ITALIA$v21 686 $aIT/X421.0$cASSETTO ISTITUZIONALE QUESTIONI ISTITUZIONALI ITALIA$2R 686 $aIT/X421.2$cQUESTIONI COSTITUZIONALI ITALIA$2R 696 $aRiforma protestante$aOrdinamento politico 696 $aRiforma protestante 699 $aRiforma$yRiforma protestante 699 $aOrdinamento istituzionale$zOrdinamento politico 699 $aRiforma$yRiforma protestante 700 1$aCheli$b, Enzo$3RAVV000551$4070$0132962 801 3$aIT$bIT-000000$c20000726 850 $aIT-BN0095 901 $bNAP 01$cD $n$ 912 $aRAV0681581 950 0$aBiblioteca Centralizzata di Ateneo$d 01D (AR) 30 165$e 01AR 0700301655 VMA 1 v.$fY $h20130925$i20130925$c1 v. in due copie$d 01D (AR) 31 320$e 01AR 0700313205 VMA (bis 1 v. (2. copia)$fY $h20131009$i20131009 977 $a 01 996 $aRiforma mancata$966284 997 $aUNISANNIO